| 000 | 00636nam a2200229 4500 | ||
|---|---|---|---|
| 001 | 32589 | ||
| 010 | _a9789896792350 | ||
| 021 | _aPT | ||
| 090 | _a32589 | ||
| 100 | _a20200108 frey50 | ||
| 101 | _apor | ||
| 102 | _aPT | ||
| 200 |
_aQue clima este! _fMaria Mercè Conangla e Jaume Soler |
||
| 205 | _a1ª ed. | ||
| 210 |
_aLisboa _bAlameda D. Afonso Henriques, 5-B _cEdicare Editora, Lda |
||
| 215 |
_a63 p. _d25 cm |
||
| 225 |
_aEcologia emocional _eUma abordagem criativa para gerir as emoções |
||
| 700 |
_4070 _aConangla _bMaria Mercè |
||
| 701 |
_4070 _aSoler _bJaume |
||
| 801 |
_aPT _gRPC |
||
| 990 | _cLIVROS | ||
| 994 | _aCOMP | ||